Path integrals and anomalies in curved space /

Guardado en:
Autor Principal: Bastianelli, Fiorenzo.
Otros Autores: Van Nieuwenhuizen, Peter.
Formato: Libro
Idioma:English
Publicado: Cambridge ; New York : Cambridge University Press, 2006.
Series:Cambridge monographs on mathematical physics
Materias:
Acceso en línea:Publisher description
Table of contents only
Contributor biographical information
Etiquetas: Agregar Etiqueta
Sin Etiquetas, Sea el primero en etiquetar este registro!
LEADER 01256cam a22003017a 4500
001 MAT.inmabb005100
008 061010s2006####enka#####b####001#0#eng#d
005 20130313130616.0
245 1 0 |a Path integrals and anomalies in curved space /  |c Fiorenzo Bastianelli, Peter Van Nieuwenhuizen. 
260 |a Cambridge ;  |a New York :  |b Cambridge University Press,  |c 2006. 
300 |a xvii, 379 p. :  |b il. ;  |c 26 cm. 
440 0 |a Cambridge monographs on mathematical physics 
504 |a Incluye referencias bibliográficas e índice. 
510 4 |a MR,  |c 2008b:81271 
020 |a 0521847613 
100 1 |a Bastianelli, Fiorenzo. 
700 1 |a Van Nieuwenhuizen, Peter. 
650 0 |a Path integrals. 
650 0 |a Curves. 
084 |a 81T50 (81-02 81S40 81T20 83C47)  |2 msc2000 
010 |a  2006297174 
040 |a UKM  |c UKM  |d BAKER  |d BWKUK  |d DLC 
016 7 |a 013301671  |2 Uk 
024 3 |a 9780521847612 
856 4 2 |3 Publisher description  |u http://www.loc.gov/catdir/enhancements/fy0702/2006297174-d.html 
856 4 1 |3 Table of contents only  |u http://www.loc.gov/catdir/enhancements/fy0702/2006297174-t.html 
856 4 2 |3 Contributor biographical information  |u http://www.loc.gov/catdir/enhancements/fy0733/2006297174-b.html 
859 |h 81  |i B326  |p A-8536  |b BIB. MATEMATICA